|
|
|
|
| LEADER |
00000cas a2200000 a 4500 |
| 001 |
042693 |
| 003 |
UAHC_CL |
| 005 |
20170803124727.0 |
| 008 |
010822b xx j 000 1 eng |
| 040 |
|
|
|a UAHC_CL
|c UAHC_CL
|d UAHC_CL
|
| 100 |
1 |
|
|a Universidad de Concepción
|
| 245 |
1 |
0 |
|a Sociedad hoy. Revista de ciencias sociales /
|c Universidad de Concepción.
|
| 260 |
|
|
|a Concepción
|b Universidad de Concepción
|
| 490 |
0 |
|
|a Sociedad hoy. Revista de ciencias sociales
|
| 900 |
|
|
|a SOC. HOY
|
| 942 |
|
|
|c REV
|
| 952 |
|
|
|0 0
|1 0
|4 0
|6 SOC___HOY01_97_000000000000000
|7 0
|8 Hemeroteca
|9 79800
|a BC
|b BC
|c Hemeroteca
|d 2017-08-03
|l 0
|o SOC. HOY-01/97
|p 1345621
|r 2019-12-02 00:00:00
|t 1
|w 2017-08-03
|y REV
|
| 952 |
|
|
|0 0
|1 0
|4 0
|6 SOC___HOY10_06_000000000000000
|7 0
|8 Hemeroteca
|9 79801
|a BC
|b BC
|c Hemeroteca
|d 2017-08-03
|l 1
|m 1
|o SOC. HOY-10/06
|p 1361348
|r 2019-12-02 00:00:00
|s 2018-03-22
|t 1
|w 2017-08-03
|y REV
|
| 952 |
|
|
|0 0
|1 0
|4 0
|6 SOC___HOY11_06_000000000000000
|7 0
|8 Hemeroteca
|9 79802
|a BC
|b BC
|c Hemeroteca
|d 2017-08-03
|l 0
|o SOC. HOY-11/06
|p 1361349
|r 2019-12-02 00:00:00
|t 1
|w 2017-08-03
|y REV
|
| 952 |
|
|
|0 0
|1 0
|4 0
|6 SOC___HOY12_07_000000000000000
|7 0
|8 Hemeroteca
|9 79803
|a BC
|b BC
|c Hemeroteca
|d 2017-08-03
|l 3
|m 6
|o SOC. HOY-12/07
|p 1361350
|r 2019-12-02 00:00:00
|s 2017-11-29
|t 1
|w 2017-08-03
|y REV
|
| 952 |
|
|
|0 0
|1 0
|4 0
|6 SOC___HOY13_07_000000000000000
|7 0
|8 Hemeroteca
|9 79804
|a BC
|b BC
|c Hemeroteca
|d 2017-08-03
|l 0
|o SOC. HOY-13/07
|p 10643
|r 2019-12-02 00:00:00
|t 1
|w 2017-08-03
|y REV
|
| 999 |
|
|
|c 42693
|d 42693
|